| 000 | 01643nam a2200361 c 4500 | ||
|---|---|---|---|
| 003 | BLK | ||
| 005 | 20180422094859.0 | ||
| 008 | 180413b bul|||||r ||||||| ||bul|| | ||
| 010 | _aKNG00019549000 | ||
| 020 |
_a954-8555-33-8 _bиздат.: Албатрос - (грешен) |
||
| 020 |
_a954-8555-47-6 _bиздат.: Албатрос - (поправен) |
||
| 040 | _aBLK | ||
| 041 |
_aBUL _cBUL |
||
| 080 |
_aТрудово законодателство. Работническо законодателство. Социално законодателство _b351.83 _x:368(497.2)(094.9) _z351.83:368(497.2)(094.9) |
||
| 700 | 1 |
_aЙосифов, Никола Костов _eсъстав. _9364845 |
|
| 139 |
_aОсигурително право на Република България _bО 80 |
||
| 245 | 1 | 0 |
_aОсигурително право на Република България _bНормат. актове _cсъстав. Никола Костов Йосифов. |
| 250 | _a2. актуализирано изд. | ||
| 257 | _aBGR | ||
| 260 |
_аСофия _bАлбатрос _c1997 |
||
| 300 |
_a352 с. _bс табл. _c24 см |
||
| 380 | _a3 | ||
| 500 | _a1. изд. 1997 ; 900 тир. | ||
| 650 | 4 |
_aОбществено осигуряване - България - законодателни и директивни материали _9242702 |
|
| 653 | _aправо | ||
| 653 | _aБългария | ||
| 653 | _aобществено осигуряване | ||
| 852 | _aЦб 194142 | ||
| 856 | 4 |
_qpdf _u |
|
| 856 | 4 |
_qpdf _u |
|
| 942 |
_cKNG _n0 |
||
| 944 |
_aCR _c15.01.2003 _kГеновева_Генчева |
||
| 944 |
_aED _c05.05.2004 _k |
||
| 999 |
_c17593 _d17593 |
||